Normal view
MARC view
- United States -- Armed Forces -- Personnel Management -- Addresses- Essays- Lectures Etc
Entry Topical Term
001 - CONTROL NUMBER
- control field: 48714
003 - CONTROL NUMBER IDENTIFIER
- control field: NUST
005 - DATE AND TIME OF LATEST TRANSACTION
- control field: 20210314134120.0
008 - FIXED-LENGTH DATA ELEMENTS
- fixed length control field: 210314|| aca||aabn | a|a d
040 ## - CATALOGING SOURCE
- Original cataloging agency: NUST
- Transcribing agency: NUST
150 ## - HEADING--TOPICAL TERM
- Topical term or geographic name entry element: United States -- Armed Forces -- Personnel Management -- Addresses- Essays- Lectures Etc
670 ## - SOURCE DATA FOUND
- Source citation: Work cat.: (NUST): James G. Hunt 48712, Leadership on the future battlefield, 1988
